| 000 | 00757nam a2200229Ii 4500 | ||
|---|---|---|---|
| 003 | JO-AjNU | ||
| 008 | 230605s9999||||xx |||||||||||||| ||und|| | ||
| 017 | _a2000/5/1694 | ||
| 020 | _a978-9957-07-083-5 | ||
| 040 |
_aJO-AjNU _bara _erda _cJO-AjNU |
||
| 041 | _aara | ||
| 050 | 1 | 4 | _aLC3993.M338 2012 |
| 100 | 3 |
_aالمعايطة، خليل عبدالرحمن مؤلف/البواليز، محمد عبد السلام م.مشارك, _eauthor _942847 |
|
| 245 | 0 | 0 | _aالموهبة والتفوق |
| 250 | _aط4 | ||
| 264 | 3 | 1 | _aعمان:دار الفكر،2012 |
| 300 | _a375ص | ||
| 336 |
_atext _btxt _2rdacontent |
||
| 337 |
_aunmediated _bn _2rdamedia |
||
| 338 |
_avolume _bnc _2rdacarrier |
||
| 650 | 4 |
_a الأطفال الموهوبون _942848 |
|
| 999 |
_aA18377 _c21945 _d21945 |
||